000 00851nas a2200277 4500
001 BR2015005856
003 BR-BrBNA
005 20231205125815.0
007 ta
008 230509b bl.|||p| |||| 00| 00por d
040 _aBR-BrBNA
_bpor
_cBiblioteca Nacional de Agricultura
041 _a(Pt)
072 _aF30; K10
100 1 _aReis, C.A.F.
100 1 _aGonçalves, F.M.A.
100 1 _aRamalho, M.A.P.
100 1 _aRosado, A.M.
245 1 _aEstratégias na seleção simultânea de vários caracteres no melhoramento do Eucalyptus
650 _aEUCALIPTO
650 _aMADEIRA
650 _aMELHORAMENTO GENÉTICO VEGETAL
650 _aPROGÊNIE
773 0 _tCiência Florestal (Brazil)
_xISSN 0103-9954
_g(Apr-Jun 2015), v. 25(2) p. 457-467
_wBR2015005856
909 _a202311
_bLúcia
_c55
_dLúcia Elande
942 _2AGRIS
_n0
_cANA
999 _c246257
_d246257